Taxing energy use 2015 OECD and selected partner economies

Saved in:
Bibliographic Details
Format: Book
Language:English
Published: Paris OECD 2015
Subjects:
Tags: Add Tag
No Tags, Be the first to tag this record!

MARC

LEADER 00000nam a2200000 4500
001 0211249
005 20240314123545.5
020 |a 978-92-64-23232-7 
041 0 |a eng 
044 |a FR 
245 1 0 |a Taxing energy use 2015  |b OECD and selected partner economies 
264 1 |a Paris  |b OECD  |c 2015 
300 |a 145 s. 
610 2 0 |a spotreba energie 
610 2 0 |a zdaňovanie 
610 2 0 |a oceňovanie 
610 2 0 |a doprava 
610 2 0 |a porovnanie štatistické medzinárodné 
610 2 0 |a OECD